000 00671nam a2200217 i 4500
003 OSt
005 20151215115402.0
008 020226s2000 esp046 g 1i spa d
020 _a84-87507-64-6
040 _cBMC
082 _a861
100 1 _9200
_aRuiz, Juan
_cArcipreste de Hita
245 1 0 _aLibro de Buen Amor
_cArcipreste de Hita ; selección, introducción y notas, Alberto Szpunberg
260 _aMadrid
_bRueda
_c2000
300 _a231 p.
_b24 cm
490 _aClásicos de la literatura española
505 _aDatos tomados de la port.: Alberto Szpunberg
650 2 4 _9357
_aPoesía española
700 1 _937650
_aSzpunberg, Alberto
942 _2ddc
_cBK
999 _c23965
_d23965